000 00225nam a22000857a 4500
008 170607b xxu||||| |||| 00| 0 eng d
100 _93324
_aChokshi. M
245 _aOnce upon a time
260 _aNew Delhi
_bNational Book Trust
_c2005
999 _c6643
_d6643